| 000 | 00538nam a2200205 4500 | ||
|---|---|---|---|
| 999 |
_c2634 _d2634 |
||
| 001 | 2634 | ||
| 003 | BD-JhCC | ||
| 005 | 20171107185017.0 | ||
| 008 | 171105b1979 bg ||||| |||| 00| 0 eng d | ||
| 035 | _a(BD-JhCC) | ||
| 040 |
_aBD-JhCC _dBD-JhCC |
||
| 041 | _aeng | ||
| 082 |
_a153.4 _bCHA 1979 |
||
| 100 | _aChakrabartty, H R | ||
| 245 |
_aS S B Tests and Interview Guide / _cLt Col H R Chakrabartty (Rtd) |
||
| 260 |
_aDhaka : _bUniversity Book Depot; _c1979 |
||
| 300 |
_a280 p. _c14 cm |
||
| 650 | _aInterview Guide | ||
| 942 |
_2ddc _cBK |
||